| 000 | 00754nam a2200205 i 4500 | ||
|---|---|---|---|
| 001 | 15978 | ||
| 003 | ES-MaACL | ||
| 005 | 20230906151220.0 | ||
| 007 | t| | ||
| 008 | 000530s1998 sp |||| | spa j | ||
| 020 | _a84-7846-720-3 | ||
| 080 | _a821.134.2.09"15/16" | ||
| 100 | 1 |
_aCheca Cremades, Jorge. _938302 |
|
| 245 | 1 | 0 |
_aExperiencia y representación en el siglo de oro _b: Cortés, Santa Teresa, Gracián, Sor Juana Inés de la Cruz / _cJorge Checa. |
| 260 |
_a[Valladolid] : _bConsejería de Educación y Cultura, _c1998. |
||
| 300 |
_a218 p. ; _c22 cm. |
||
| 650 | 1 | 4 |
_aLiteratura española- _yS.XVI-XVII- _xHistoria y crítica. _914571 |
| 710 | 1 |
_aCastilla y León. _bConsejería de Educación y Cultura. _92500 |
|
| 852 |
_aES-MaACL _jL-23146 |
||
| 999 |
_c15978 _d15978 |
||